Westernmost Cities in New York - Statistics

General Stats
  • This quiz has been taken 4 times
  • The average score is 2 of 10
Answer Stats
City Longitude
(W)
% Correct
Buffalo -78.8
100%
Niagara Falls -79.0
75%
Jamestown -79.2
25%
Batavia -78.1
0%
Dunkirk -79.3
0%
Hornell -77.6
0%
Lockport -78.6
0%
Olean -78.4
0%
Salamanca -78.7
0%
Tonawanda -78.8
0%
No matching quizzes found
Score Distribution
Percent of People with Each Score
Percentile by Number Answered
Your Score History
You have not taken this quiz